[Event "AUTO-ADV-4507"]
[Site "http://www.queenalice.com/game.php?id=1774968"]
[Date "2021.11.16"]
[Round "2"]
[White "uschmidi"]
[Black "ecruzram"]
[Result "0-1"]
[WhiteElo "2022"]
[BlackElo "2366"]

1. e4 e6 2. Nf3 d5 3. exd5 exd5 4. Nc3 d4 5. Ne4 Qe7 6. Qe2 Nc6 7. d3 Be6 8. Bf4
O-O-O 9. O-O-O Bxa2 10. Qd2 f6 11. Re1 Qd7 12. b3 Ba3+ 13. Kd1 Nge7 14. h3 Nd5
15. g4 Rhe8 0-1

[Event "AUTO-ADV-4507"]
[Site "http://www.queenalice.com/game.php?id=1774969"]
[Date "2021.11.16"]
[Round "2"]
[White "ecruzram"]
[Black "uschmidi"]
[Result "1-0"]
[WhiteElo "2375"]
[BlackElo "2007"]

1. e4 c5 2. Nf3 e6 3. d4 d5 4. exd5 exd5 5. Bb5+ Nc6 6. O-O Be6 7. Re1 Be7 8.
dxc5 Bxc5 9. Nd4 Ne7 10. Be3 Qb6 11. Nc3 O-O 12. Na4 Qa5 13. Nxc5 Nxd4 14. Bxd4
Qxb5 15. Rxe6 fxe6 16. Nxe6 Rfc8 17. Qg4 g6 18. Qh4 Nf5 19. Qf6 Qd7 20. Qh8+ Kf7
21. Ng5+ 1-0

[Event "AUTO-ADV-4507"]
[Site "http://www.queenalice.com/game.php?id=1774971"]
[Date "2021.11.16"]
[Round "2"]
[White "rich"]
[Black "uschmidi"]
[Result "1-0"]
[WhiteElo "1987"]
[BlackElo "2017"]

1. d4 d5 2. c4 e6 3. Nc3 c6 4. Nf3 Bd6 5. Bg5 Nf6 6. e3 Nbd7 7. Bd3 O-O 8. O-O
h6 9. Bh4 Qe8 10. Rc1 dxc4 11. Bxc4 Nd5 12. Ne4 N7b6 13. Nxd6 1-0

[Event "AUTO-OPEN-4378"]
[Site "http://www.queenalice.com/game.php?id=1792468"]
[Date "2022.7.14"]
[Round "1"]
[White "Ditto"]
[Black "uschmidi"]
[Result "0-1"]
[WhiteElo "1618"]
[BlackElo "2023"]

1. e4 e5 2. Nf3 Nc6 3. Bc4 h6 4. d3 Bc5 5. c3 d6 6. h3 Na5 7. Bb5+ c6 8. Ba4 b5
9. Bc2 Bb6 10. Qe2 Nf6 11. O-O O-O 12. b4 Nb7 13. Bb3 Qe7 14. Bb2 Be6 15. Bc2
Nh5 16. Nbd2 Ng3 17. Qe1 Nxf1 18. Nxf1 f5 19. Rd1 Bxa2 20. exf5 Rxf5 21. d4 Rff8
22. dxe5 dxe5 23. Qe4 Bd5 24. Qh7+ Kf7 25. Bg6+ Kf6 26. Bf5 Qf7 27. Nh4 Rh8 28.
Qg6+ Qxg6 29. Bxg6 Kg5 30. g3 Rhf8 31. Bc1+ Kf6 32. Nh2 Ke6 33. Ng4 Nd6 34. Re1
e4 35. Kf1 Kd7 36. Re2 Bc4 37. Ne5+ Kc7 38. Nxc4 Nxc4 39. Bxe4 Rae8 40. f3 Rd8
41. Bf4+ Kb7 42. Nf5 g5 43. Bc1 Rd1+ 44. Re1 Rxe1+ 45. Kxe1 Rf6 46. g4 Nd6 47.
Ne7 Nxe4 48. fxe4 Re6 49. Nf5 Rxe4+ 50. Kd1 Re6 51. Ng7 Rd6+ 52. Bd2 Be3 53. Kc2
Rxd2+ 54. Kb3 Bf4 55. Nh5 Rh2 56. Nf6 Rxh3 57. Kc2 Be5 58. Nd7 Rxc3+ 59. Kd2 Bg7
60. Nc5+ Rxc5 61. bxc5 Bd4 62. Kd3 Bxc5 0-1

[Event "AUTO-OPEN-4378"]
[Site "http://www.queenalice.com/game.php?id=1792469"]
[Date "2022.7.14"]
[Round "1"]
[White "uschmidi"]
[Black "Ditto"]
[Result "1-0"]
[WhiteElo "2013"]
[BlackElo "1855"]

1. d4 d5 2. e3 Bf5 3. Bd3 e6 4. Nf3 Bb4+ 5. c3 Bd6 6. Bxf5 exf5 7. Qd3 Qd7 8.
O-O Nc6 9. b4 h6 10. h3 Nb8 11. Nbd2 Nf6 12. Ne5 Qe7 13. f4 Nbd7 14. Qb5 Rb8 15.
Ndf3 c6 16. Qd3 Ne4 17. Bd2 Ndf6 18. Be1 Bc7 19. Bh4 Qe6 20. Nd2 Nxd2 21. Qxd2
Ne4 22. Qe1 Nd6 23. g4 Ne4 24. gxf5 Qxf5 25. Kh2 Qh5 26. Rg1 Bxe5 27. fxe5 O-O
28. Rc1 Qf3 29. Bf6 Nxf6 30. exf6 Qxf6 31. Qg3 Rbe8 32. Rcf1 Qe6 33. Qxg7# 1-0

[Event "AUTO-OPEN-4378"]
[Site "http://www.queenalice.com/game.php?id=1792490"]
[Date "2022.7.14"]
[Round "1"]
[White "zefer"]
[Black "uschmidi"]
[Result "0-1"]
[WhiteElo "1211"]
[BlackElo "1993"]

1. e4 e5 2. a3 Nf6 3. Nc3 Bc5 4. Nf3 Nc6 5. Bc4 d6 6. Bxf7+ Kxf7 7. Ng5+ Kg6 8.
h4 h6 9. Ke2 hxg5 10. hxg5 Ng4 11. Rh3 Nxf2 12. Qf1 Bxh3 13. d3 Bg4+ 14. Ke1 Rh1
15. Qxh1 Nxh1 16. Nd1 Qf8 17. Kd2 Qf4+ 18. Kc3 Bd4+ 19. Kc4 Qf7+ 20. Kb5 a6+ 21.
Ka4 b5# 0-1

[Event "AUTO-OPEN-4378"]
[Site "http://www.queenalice.com/game.php?id=1792491"]
[Date "2022.7.14"]
[Round "1"]
[White "uschmidi"]
[Black "zefer"]
[Result "1-0"]
[WhiteElo "1991"]
[BlackElo "1213"]

1. d4 h6 2. e3 a6 3. Bd3 d5 4. f4 Nf6 5. Nf3 Nc6 6. c3 b5 7. O-O Ng4 8. Ne5
Ncxe5 9. fxe5 e6 10. Qxg4 f5 11. exf6 e5 12. Qg6+ Kd7 13. fxg7 Rg8 14. Qf7+ Be7
15. Qxd5+ Bd6 16. Rf7+ Ke8 17. Bg6 Ra7 18. Rf8+ Kd7 19. Bf5+ Ke7 20. Qf7# 1-0

[Event "AUTO-OPEN-4378"]
[Site "http://www.queenalice.com/game.php?id=1792504"]
[Date "2022.7.14"]
[Round "1"]
[White "uschmidi"]
[Black "thbn"]
[Result "1-0"]
[WhiteElo "1995"]
[BlackElo "1799"]

1. e4 e5 2. Nf3 Nc6 3. Bc4 Nf6 4. Nc3 Bc5 5. d3 O-O 6. a3 Nd4 7. O-O Re8 8. Bg5
a6 9. Nd5 Be7 10. Nxe5 d6 11. Nxf6+ Bxf6 12. Nxf7 Qe7 13. Nxd6+ Kh8 14. Nxe8
Qxe8 15. Bxf6 gxf6 16. Qd2 Qg6 17. Qe3 Nxc2 18. Qc5 Bh3 19. g3 Nxa1 20. Rxa1 Qg4
21. Qe3 Rf8 22. f3 Qg6 23. Qd4 Qh5 24. Qf2 b5 25. Bd5 Rc8 26. Rc1 f5 27. Qd4#
1-0

[Event "AUTO-OPEN-4378"]
[Site "http://www.queenalice.com/game.php?id=1792505"]
[Date "2022.7.14"]
[Round "1"]
[White "thbn"]
[Black "uschmidi"]
[Result "0-1"]
[WhiteElo "1610"]
[BlackElo "2003"]

1. e4 e5 2. Nf3 Nc6 3. Nc3 Bc5 4. Bc4 h6 5. O-O a6 6. a3 Nf6 7. Nd5 d6 8. c3 Na5
9. Ba2 Ba7 10. d4 exd4 11. Nxd4 O-O 12. Qf3 Nxd5 13. Bxd5 c6 14. Ba2 c5 15. Nf5
Be6 16. Nxh6+ Kh7 17. Ng4 Bxg4 18. Qd3 g6 19. Kh1 b5 20. Bb1 Nb3 21. Ra2 Be6 22.
f4 Nxc1 23. Rxc1 Bxa2 24. Bc2 Be6 25. Rf1 c4 26. Qg3 f5 27. Qh3+ Kg7 28. Rd1 Bc5
29. Qg3 Qf6 30. Rf1 Rae8 31. h3 d5 32. e5 Qe7 33. Bd1 d4 34. b4 Bb6 35. Bh5 Bf7
0-1

[Event "Challenge"]
[Site "http://www.queenalice.com/game.php?id=1794248"]
[Date "2022.8.14"]
[Round "-"]
[White "dosoldini"]
[Black "uschmidi"]
[Result "0-1"]
[WhiteElo "1593"]
[BlackElo "2005"]

1. e4 e5 2. Nf3 Nc6 3. Bc4 h6 4. c3 d6 5. h3 Nf6 6. d4 exd4 7. cxd4 Be7 8. d5
Ne5 9. Nxe5 dxe5 10. Qf3 O-O 11. a3 Bd7 12. Be3 a6 13. Qg3 Nh5 14. Qxe5 Bg5 15.
Be2 Re8 16. Qd4 Nf4 17. Rg1 Nxe2 18. Kxe2 Bb5+ 19. Kf3 Bf6 20. Qd1 Bxb2 21. Ra2
Qf6+ 22. Bf4 Bc4 23. Qc2 Bxa2 24. Nd2 b5 25. Qd3 Be5 26. g3 Kh8 27. Qe3 g5 28.
Kg2 gxf4 29. Qf3 fxg3 0-1

[Event "AUTO-MASTER-3151"]
[Site "http://www.queenalice.com/game.php?id=1806624"]
[Date "2023.2.23"]
[Round "1"]
[White "Biagio"]
[Black "uschmidi"]
[Result "1-0"]
[WhiteElo "2201"]
[BlackElo "2020"]

1. d4 d5 2. c4 e6 3. Nc3 c6 4. e4 dxe4 5. Nxe4 f5 6. Nc3 Bd6 7. Nf3 Nf6 8. Bd3
O-O 9. O-O Nbd7 10. c5 Bc7 11. Bc4 Nd5 12. Re1 Qf6 13. Ng5 Re8 14. Bxd5 cxd5 15.
Nxd5 Qd8 16. Nxe6 Qh4 17. Ndxc7 1-0

[Event "AUTO-MASTER-3151"]
[Site "http://www.queenalice.com/game.php?id=1806625"]
[Date "2023.2.23"]
[Round "1"]
[White "uschmidi"]
[Black "Biagio"]
[Result "0-1"]
[WhiteElo "2024"]
[BlackElo "2229"]

1. e4 c6 2. Bc4 d5 3. exd5 cxd5 4. Bb3 Nf6 5. h3 Nc6 6. Nf3 e5 7. O-O Bd6 8. d3
O-O 9. Bg5 Be6 10. Nc3 Be7 11. Re1 h6 12. Bh4 d4 13. Bxe6 dxc3 14. Bb3 cxb2 15.
Rb1 Bb4 16. Re2 Bc3 17. Bg3 Re8 18. Nd2 Rc8 19. Ne4 Nxe4 20. Rxe4 Na5 21. Qe2
Nxb3 22. axb3 f5 23. Rc4 Rxc4 24. dxc4 Qg5 25. Qf3 Qc1+ 26. Qd1 Qxd1+ 27. Rxd1
f4 28. Bh2 Re6 29. f3 Ra6 0-1

[Event "AUTO-MASTER-3151"]
[Site "http://www.queenalice.com/game.php?id=1806640"]
[Date "2023.2.23"]
[Round "1"]
[White "CCapivara"]
[Black "uschmidi"]
[Result "1-0"]
[WhiteElo "2236"]
[BlackElo "2025"]

1. e4 c5 2. Nf3 e6 3. d4 a6 4. Nc3 h6 5. Be3 cxd4 6. Nxd4 Nc6 7. a3 Nf6 8. Be2
Be7 9. Qd2 Nxd4 10. Bxd4 b5 11. O-O O-O 12. Bf3 Bb7 13. e5 Nh7 14. Bxb7 1-0

[Event "AUTO-MASTER-3151"]
[Site "http://www.queenalice.com/game.php?id=1806641"]
[Date "2023.2.23"]
[Round "1"]
[White "uschmidi"]
[Black "CCapivara"]
[Result "0-1"]
[WhiteElo "2017"]
[BlackElo "2192"]

1. d4 d6 2. e3 Nf6 3. Bd3 e5 4. dxe5 dxe5 5. Ne2 e4 6. Bc4 Qxd1+ 7. Kxd1 Nc6 8.
h3 Bf5 9. a3 O-O-O+ 10. Bd2 Ne5 11. Bb3 Bc5 12. Nbc3 Rd7 13. Kc1 Rhd8 14. Rd1 h5
15. Nb5 g5 16. Nbd4 Bg6 17. Kb1 Bxd4 18. exd4 Nc6 19. Bxg5 Rd6 20. Ka2 Re8 21.
c3 Na5 22. Bc2 e3 23. Bxg6 fxg6 24. fxe3 Ne4 25. Bf4 Rde6 26. h4 Nc4 27. d5 Rb6
28. Rab1 Nf2 29. Rf1 Nd3 30. Rfd1 Ncxb2 31. Rd2 Nxf4 32. exf4 Nc4 33. Rxb6 Nxd2
34. Rb2 Rxe2 0-1

[Event "AUTO-MASTER-3151"]
[Site "http://www.queenalice.com/game.php?id=1806650"]
[Date "2023.2.23"]
[Round "1"]
[White "Artking"]
[Black "uschmidi"]
[Result "0-1"]
[WhiteElo "1908"]
[BlackElo "2008"]

1. d4 d5 2. c4 c6 3. Nf3 e6 4. Nc3 Bd6 5. e3 f5 6. Bd3 Nf6 7. O-O O-O 8. b3 Ne4
9. Bb2 Qf6 10. Rc1 Nd7 11. cxd5 exd5 12. Nd2 Qh6 13. h3 Ndf6 14. Nf3 Be6 15. a4
a6 16. Ne5 f4 17. Ng4 Bxg4 18. hxg4 fxe3 19. Nxe4 Qh2# 0-1

[Event "AUTO-MASTER-3151"]
[Site "http://www.queenalice.com/game.php?id=1806651"]
[Date "2023.2.23"]
[Round "1"]
[White "uschmidi"]
[Black "Artking"]
[Result "1-0"]
[WhiteElo "2011"]
[BlackElo "1941"]

1. e4 c5 2. Bc4 Nc6 3. a3 Nf6 4. d3 g6 5. Nc3 Bg7 6. Nf3 d6 7. h3 O-O 8. O-O Nh5
9. Nd5 e6 10. Nf4 Nxf4 11. Bxf4 Bxb2 12. Ra2 Bf6 13. Nh2 a6 14. Ng4 h5 15. Nxf6+
Qxf6 16. Bxd6 Rd8 17. Bxc5 Ne5 18. Bb3 Nd7 19. Be3 Nf8 20. Qd2 Nh7 21. d4 b5 22.
c4 Bb7 23. d5 Rac8 24. Rc2 bxc4 25. Bxc4 exd5 26. Bxd5 Bxd5 27. Rxc8 Rxc8 28.
exd5 Nf8 29. Bd4 Qd6 30. Qh6 Ne6 31. Qh8# 1-0

[Event "Challenge"]
[Site "http://www.queenalice.com/game.php?id=1807249"]
[Date "2023.3.4"]
[Round "-"]
[White "uschmidi"]
[Black "quithero"]
[Result "0-1"]
[WhiteElo "1997"]
[BlackElo "1594"]

1. d4 d5 2. e3 c5 3. c3 c4 4. Be2 Nf6 5. Nf3 Nc6 6. O-O e6 7. h3 Bd6 8. Nbd2 O-O
9. Ne5 Nxe5 10. dxe5 Bxe5 11. f4 Bd6 12. Nf3 Qb6 13. Nd4 Ne4 14. Qe1 a6 15. Bf3
e5 16. fxe5 Bxe5 17. Qh4 Qg6 18. Bh5 Qg3 19. Qxg3 Nxg3 20. Bf3 Ne4 21. Bxe4 dxe4
22. b3 cxb3 23. axb3 Bd7 24. Ba3 Rfe8 25. Bc5 g6 26. Rad1 Bxd4 27. Bxd4 f5 28.
Bb6 Bc6 29. c4 Re7 30. b4 Ba4 31. Rd4 Bc2 32. c5 Bd3 33. Rc1 Rc8 34. Rd6 Kf7 35.
c6 Rxc6 36. Rdxc6 bxc6 37. Rxc6 Bb5 38. Rd6 Rd7 39. Rxd7+ Bxd7 40. Kf2 h6 41. h4
g5 42. g3 g4 43. Ke2 Ke6 44. Kd2 Kd5 45. Kc3 h5 46. Kb3 Bb5 47. Kc3 Kc6 48. Bd4
Kd5 49. Bc5 a5 50. bxa5 Kxc5 51. Kb3 Ba4+ 52. Kc3 Kd5 53. a6 Bc6 54. a7 Kc5 55.
Kb3 Bb7 56. Kc3 Bd5 57. Kc2 Kc4 0-1

[Event "AUTO-OPEN-4378"]
[Site "http://www.queenalice.com/game.php?id=1811481"]
[Date "2023.5.9"]
[Round "2"]
[White "uschmidi"]
[Black "Eggchaser"]
[Result "1-0"]
[WhiteElo "1997"]
[BlackElo "1987"]

1. d4 d5 2. e3 c6 3. Bd3 Nf6 4. f4 Bg4 5. Nf3 e6 6. O-O Nbd7 7. Nbd2 Be7 8. Qe1
O-O 9. Qg3 Bh5 10. Ne5 Bg6 11. Nxg6 hxg6 12. Nf3 Qc7 13. Ne5 Rfe8 14. Bd2 Bd6
15. Qh4 Bxe5 16. fxe5 1-0

[Event "AUTO-OPEN-4378"]
[Site "http://www.queenalice.com/game.php?id=1811486"]
[Date "2023.5.9"]
[Round "2"]
[White "CHESS1969"]
[Black "uschmidi"]
[Result "1-0"]
[WhiteElo "2497"]
[BlackElo "2013"]

1. e4 c5 2. Nf3 e6 3. d4 a6 4. d5 exd5 5. exd5 d6 6. Bd3 h6 7. c4 Bg4 8. O-O Be7
9. h3 Bh5 10. g4 Bg6 11. Bxg6 fxg6 12. Qd3 Bf6 13. Qxg6+ Kf8 14. Bf4 1-0

[Event "AUTO-OPEN-4378"]
[Site "http://www.queenalice.com/game.php?id=1811487"]
[Date "2023.5.9"]
[Round "2"]
[White "uschmidi"]
[Black "CHESS1969"]
[Result "0-1"]
[WhiteElo "2011"]
[BlackElo "2498"]

1. d4 Nf6 2. e3 d5 3. f4 c5 4. c3 Bg4 5. Nf3 e6 6. Bd3 Nc6 7. Nbd2 Bd6 8. O-O
O-O 9. Qe1 Bf5 10. Bxf5 exf5 11. Ne5 Qc7 12. Qh4 Rfe8 13. Ndf3 Ne7 14. Ng5 Rf8
0-1